Estudios, ensayos y lecciones de dderecho procesal civil / (Registro nro. 8452)

Detalles MARC
000 -LEADER
fixed length control field 01080nam a2200265 4500
001 - CONTROL NUMBER
control field 0000021497
003 - CONTROL NUMBER IDENTIFIER
control field CO-CtgCURN
005 - DATE AND TIME OF LATEST TRANSACTION
control field 20250430185551.0
007 - PHYSICAL DESCRIPTION FIXED FIELD--GENERAL INFORMATION
fixed length control field ta
008 - FIXED-LENGTH DATA ELEMENTS--GENERAL INFORMATION
fixed length control field 160627s2002 000 0 eng d
020 ## - INTERNATIONAL STANDARD BOOK NUMBER
International Standard Book Number 9968380105
040 ## - CATALOGING SOURCE
Original cataloging agency CO-CtgCURN
Language of cataloging spa
Transcribing agency coctgcurn
082 0# - DEWEY DECIMAL CLASSIFICATION NUMBER
Classification number 347.030
Item number C68e
100 1# - MAIN ENTRY--PERSONAL NAME
Personal name Couture, Eduardo J.
245 10 - TITLE STATEMENT
Title Estudios, ensayos y lecciones de dderecho procesal civil /
Statement of responsibility, etc. Eduardo J. Couture.
260 ## - PUBLICATION, DISTRIBUTION, ETC.
Place of publication, distribution, etc. Mexico :
Name of publisher, distributor, etc. Juridica Universitaria,
Date of publication, distribution, etc. 2002.
300 ## - PHYSICAL DESCRIPTION
Extent 475 p.
490 1# - SERIES STATEMENT
Series statement Serie clasicos del derecho procesal civil
500 ## - GENERAL NOTE
General note Incluye indice.
505 8# - FORMATTED CONTENTS NOTE
Formatted contents note Constitucion y procesal civil.--Tutela constitucional de la justicia.--Garantias constitucionales del proceso civil.--Constitucion y códigos de procedimientos civiles.--Constitucion y textos reglamentarios respectivos.--Alcance de esta investigación.--Juez, partes y proceso
650 14 - SUBJECT ADDED ENTRY--TOPICAL TERM
Topical term or geographic name entry element Derecho procesal civil.
908 ## - PUT COMMAND PARAMETER (RLIN)
Put command parameter 160627
942 ## - ADDED ENTRY ELEMENTS (KOHA)
Koha item type Libros
Classification part 347.030
Item part C68e
Source of classification or shelving scheme Dewey Decimal Classification
Suppress in OPAC No
Existencias
Withdrawn status Lost status Source of classification or shelving scheme Damaged status Not for loan Collection Home library Current library Shelving location Date acquired Inventory number Total checkouts Full call number Barcode Date last seen Copy number Price effective from Koha item type Public note
    Dewey Decimal Classification     General Miguel Henríquez Castañeda Miguel Henríquez Castañeda General 06/22/2017 000283   347.030 C68e 000283 03/29/2025 ej.1 03/29/2025 Libros 340-DEREC